01051nam a2200217Ia 4500008004100000022001400041041000800055245009400063260004000157300001900197500019200216650002900408650002200437650002900459650003100488650004400519711009800563942002000661999001700681952013500698230509s2023 sp 000 0 spa d a2660-695X aspa00aActibismosb: una mirada bi sobre las luchas disidentes : un proyecto de las conbivencias aBilbao : bPikara Magazine,c[2023] a74 p. ;c21 cm aMonográfico de PIkara Magazine. Incluye textos materiales de las I ConBivencias (Jornadas Estatales Autogestionadas sobre Bisexualidad), celebradas el 23 de septiembre de 2022 en Toledo 0aORIENTACION SEXUAL96099 0aSEXUALIDAD910298 0aIGUALDAD DE GENERO95513 0aIGUALDAD DE DERECHOS91832 0aDISCRIMINACION POR RAZONES DE SEXO92012 aCONBIVENCIAScToledoeJornadas Estatales Autogestionadas sobre Bisexualidadj1º. 2023937882 cMONOGRAFIA2ddc c56649d56649 00102ddc4070aCENDObCENDOd2023-05-09i066051l1oCD-17639p2023-0248r2023-06-09 00:00:00s2023-05-09w2023-05-09yMONOGRAFIA